The Town and Country Planning (Use Classes) (Amendment) (England) Order 2006 (Record no. 105302)
[ view plain ]
| 000 -LEADER | |
|---|---|
| fixed length control field | 01312cam a2200217 4500 |
| 001 - CONTROL NUMBER | |
| control field | ##L132999 |
| 008 - FIXED-LENGTH DATA ELEMENTS--GENERAL INFORMATION | |
| fixed length control field | 060403n2006 000 0 eng u |
| 020 ## - INTERNATIONAL STANDARD BOOK NUMBER | |
| International Standard Book Number | 0110740130 |
| 035 ## - SYSTEM CONTROL NUMBER | |
| System control number | (Sirsi) u132999 |
| 041 0# - LANGUAGE CODE | |
| Language code of text/sound track or separate title | eng |
| 245 04 - TITLE STATEMENT | |
| Title | The Town and Country Planning (Use Classes) (Amendment) (England) Order 2006 |
| 260 ## - PUBLICATION, DISTRIBUTION, ETC. | |
| Place of publication, distribution, etc. | London |
| Name of publisher, distributor, etc. | TSO |
| Date of publication, distribution, etc. | 2006 |
| 490 #0 - SERIES STATEMENT | |
| Series statement | SI |
| Volume/sequential designation | 2006: 220 |
| 520 ## - SUMMARY, ETC. | |
| Summary, etc. | Amends the Town and Country Planning (Use Classes) Order 1987 (the principal Order). The principal Order specifies classes for the purposes of the Town and Country Planning Act 1990 s55(2)(f) which provides that a change of use of a building or other land does not involve development for the purposes of the Act if the new use and the former use are both within the same specified class. This Order amends the principal Order by excluding from the specified classes use as a casino. |
| 650 24 - SUBJECT ADDED ENTRY--TOPICAL TERM | |
| Topical term or geographic name entry element | TOWN AND COUNTRY PLANNING (USE CLASSES) ORDER 1987 |
| 650 24 - SUBJECT ADDED ENTRY--TOPICAL TERM | |
| Topical term or geographic name entry element | TOWN AND COUNTRY PLANNING ACT 1990 S55(2)(F) |
| 650 24 - SUBJECT ADDED ENTRY--TOPICAL TERM | |
| Topical term or geographic name entry element | TOWN AND COUNTRY PLANNING (USE CLASSES) (AMENDMENT) (ENGLAND) ORDER 2006 |
| 690 ## - LOCAL SUBJECT ADDED ENTRY--TOPICAL TERM (OCLC, RLIN) | |
| Topical term or geographic name as entry element | ENVIRONMENTAL AND LAND CONSULTANCY-PLANNING AND DEVELOPMENT-USE REQUIREMENTS |
| 856 40 - ELECTRONIC LOCATION AND ACCESS | |
| Uniform Resource Identifier | <a href="https://www.opsi.gov.uk/si/si2006/20060220.htm">https://www.opsi.gov.uk/si/si2006/20060220.htm</a> |
| Public note | View the Order free of charge at www.opsi.gov.uk... |
| 942 ## - ADDED ENTRY ELEMENTS (KOHA) | |
| Suppress in OPAC | 0 |
| Withdrawn status | Lost status | Source of classification or shelving scheme | Damaged status | Not for loan | Home library | Current library | Shelving location | Date acquired | Total Checkouts | Full call number | Barcode | Date last seen | Copy number | Price effective from | Koha item type |
|---|---|---|---|---|---|---|---|---|---|---|---|---|---|---|---|
| Dewey Decimal Classification | Virtual | Virtual | Online | 03/04/2006 | ONLINE PUBLICATION | 132999-2001 | 06/08/2019 | 1 | 06/08/2019 | Book |